Nový přehled biologie

Enregistré dans:
Détails bibliographiques
Auteur principal: Rosypal, Stanislav, 1927-2012
Format: Livre
Langue:tchèque
Publié: Praha Scientia 2003
Édition:1. vyd.
Sujets:
Accès en ligne:Voir à l'OPAC
Tags: Ajouter un tag
Pas de tags, Soyez le premier à ajouter un tag!

MARC

LEADER 00000nam a2200000 a 4500
005 20260127133947.0
008 091013 2003 xr 000 0 cze d
020 |a 9788086960234 
035 |a vtls009959306 
039 9 |y 200910131042  |z mschk03 
040 |a STUSCHK1  |b slo  |c STUSCHK1  |e AACR2 
080 |a 57/59 
080 |a (075) 
100 1 |a Rosypal, Stanislav,  |d 1927-2012  |9 1218 
245 1 |a Nový přehled biologie  |c Stanislav Rosypal a kol.aut.; [ilustrace Ivanka Gottvaldová ...et al.] 
250 |a 1. vyd. 
260 |a Praha  |b Scientia  |c 2003 
300 |a xxii, 797 s.  |b il.  |c 24,5 cm 
500 |a Dotisk r. 2007 
650 0 |a biologie  |x učebnica 
910 |a SCHK95 
919 |a 978-8086960-23-4 
999 |c 950  |d 950